[Event "LSS No Engine Cup 162 Final"]
[Site "LSS email"]
[Date "2017.06.19"]
[Round "?"]
[White "Korinek, Jaroslav"]
[Black "Kolanek, Sylwia"]
[Result "1/2-1/2"]
[WhiteElo "2227"]
[BlackElo "2057"]
[PlyCount "60"]
[EventDate "2017.06.20"]
[EventType "tourn (corr)"]
[EventRounds "6"]
[EventCountry "GER"]
[SourceTitle "Corr 2022"]
[Source "ChessBase"]
[SourceDate "2021.10.24"]
[SourceVersion "1"]
[SourceVersionDate "2021.10.24"]
[SourceQuality "1"]

1. e4 c5 2. Nf3 d6 3. d4 cxd4 4. Nxd4 Nf6 5. Nc3 a6 6. Bg5 Nbd7 7. Qf3 h6 8. Bd2 Qb6 9. Nb3 Qc7 10. a4 g6 11. Be2 Ne5 12. Qg3 Bg7 13. 0-0 0-0 14. a5 Nc4 15. Bxc4 Qxc4 16. f3 Be6 17. Be3 Qc8 18. Nd4 Bc4 19. Rfd1 e5 20. Nb3 Rd8 21. Qe1 Qc6 22. Bb6 Rd7 23. Nc1 Rc8 24. Nd3 Bxd3 25. cxd3 d5 26. Nxd5 Qb5 27. Nc3 Qxb2 28. Na4 Qb5 29. Qe2 Bf8 30. Kh1 Qb3 1/2-1/2

[Event "LSS No Engine Cup 162 Final"]
[Site "LSS email"]
[Date "2017.06.19"]
[Round "?"]
[White "Kudryavtsev, Yaroslav"]
[Black "Korinek, Jaroslav"]
[Result "1-0"]
[WhiteElo "2100"]
[BlackElo "2227"]
[PlyCount "35"]
[EventDate "2017.06.20"]
[EventType "tourn (corr)"]
[EventRounds "6"]
[EventCountry "GER"]
[SourceTitle "Corr 2022"]
[Source "ChessBase"]
[SourceDate "2021.10.24"]
[SourceVersion "1"]
[SourceVersionDate "2021.10.24"]
[SourceQuality "1"]

1. e4 e5 2. Nf3 Nc6 3. Bc4 Nf6 4. d4 d6 5. 0-0 Be7 6. d5 Nb8 7. Nc3 0-0 8. h3 c6 9. a4 cxd5 10. Bxd5 Nxd5 11. Nxd5 Nd7 12. b4 Nb6 13. Ne3 Be6 14. Qe2 Qc7 15. a5 Nc4 16. Nd5 Bxd5 17. exd5 Rac8 18. Re1 1-0

[Event "RA-2017-0-00522"]
[Site "LSS email"]
[Date "2017.06.14"]
[Round "?"]
[White "Koch, Christian"]
[Black "Korinek, Jaroslav"]
[Result "1/2-1/2"]
[WhiteElo "2225"]
[BlackElo "1991"]
[PlyCount "47"]
[EventDate "2017.05.18"]
[EventType "tourn (corr)"]
[EventRounds "6"]
[EventCountry "GER"]
[SourceTitle "Corr 2022"]
[Source "ChessBase"]
[SourceDate "2021.10.24"]
[SourceVersion "1"]
[SourceVersionDate "2021.10.24"]
[SourceQuality "1"]

1. e4 e5 2. Nf3 Nc6 3. Bb5 a6 4. Ba4 Nf6 5. 0-0 b5 6. Bb3 Bb7 7. d3 Bc5 8. a4 0-0 9. Nc3 Na5 10. axb5 Nxb3 11. cxb3 Re8 12. Nxe5 axb5 13. Rxa8 Qxa8 14. Ng4 Nxg4 15. Qxg4 d5 16. Be3 Bf8 17. Qg3 dxe4 18. Nxe4 Bxe4 19. dxe4 c6 20. e5 c5 21. Re1 Qd5 22. Bc1 Rd8 23. Bg5 Re8 24. h3 1/2-1/2

[Event "RA-2017-0-00522"]
[Site "LSS email"]
[Date "2017.06.14"]
[Round "?"]
[White "Korinek, Jaroslav"]
[Black "Muniz Pardino, Alberto"]
[Result "0-1"]
[WhiteElo "1991"]
[BlackElo "2247"]
[PlyCount "76"]
[EventDate "2017.05.18"]
[EventType "tourn (corr)"]
[EventRounds "6"]
[EventCountry "GER"]
[SourceTitle "Corr 2022"]
[Source "ChessBase"]
[SourceDate "2021.10.24"]
[SourceVersion "1"]
[SourceVersionDate "2021.10.24"]
[SourceQuality "1"]

1. e4 e6 2. d4 d5 3. e5 c5 4. c3 Qb6 5. Nf3 Nc6 6. Be2 cxd4 7. cxd4 Nh6 8. Nc3 Nf5 9. Na4 Qa5+ 10. Nc3 Qb6 11. Na4 Qa5+ 12. Bd2 Bb4 13. Bc3 b5 14. a3 Bxc3+ 15. Nxc3 b4 16. axb4 Qxb4 17. Qa4 Bd7 18. Qxb4 Nxb4 19. 0-0 0-0 20. Rfd1 Rfb8 21. h3 Rb7 22. Rd2 Rab8 23. Kh2 h6 24. g4 Ne7 25. Kg3 Nc8 26. Ne1 Nc6 27. Ra2 Rb4 28. Nf3 Nb6 29. Ra3 Be8 30. b3 Na8 31. Bd1 Rc8 32. Ne2 Nc7 33. Rda2 Kf8 34. Ra1 Ke7 35. h4 a5 36. Ra4 Rcb8 37. Rxb4 Rxb4 38. Ra4 Rb8 0-1

[Event "RB-2017-0-00337"]
[Site "LSS email"]
[Date "2017.03.31"]
[Round "?"]
[White "Korinek, Jaroslav"]
[Black "Posada, Charlie"]
[Result "1/2-1/2"]
[WhiteElo "2011"]
[BlackElo "2003"]
[PlyCount "44"]
[EventDate "2017.01.21"]
[EventType "tourn (corr)"]
[EventRounds "6"]
[EventCountry "GER"]
[SourceTitle "Corr 2022"]
[Source "ChessBase"]
[SourceDate "2021.10.24"]
[SourceVersion "1"]
[SourceVersionDate "2021.10.24"]
[SourceQuality "1"]

1. e4 e5 2. Nf3 Nc6 3. Bb5 a6 4. Ba4 Nf6 5. 0-0 Be7 6. d4 exd4 7. Re1 b5 8. Bb3 d6 9. Bd5 Nxd5 10. exd5 Ne5 11. Nxd4 0-0 12. Nc3 Re8 13. Nc6 Nxc6 14. dxc6 Be6 15. Be3 Bf6 16. Bd4 Rb8 17. Re3 Bxd4 18. Qxd4 Rb6 19. a4 Rxc6 20. Rae1 Rc5 21. axb5 axb5 22. Ne4 Rc4 1/2-1/2

[Event "SB-2016-0-00479"]
[Site "LSS email"]
[Date "2016.12.12"]
[Round "?"]
[White "Luers, Lavas"]
[Black "Korinek, Jaroslav"]
[Result "1-0"]
[WhiteElo "2020"]
[BlackElo "1995"]
[PlyCount "105"]
[EventDate "2016.11.25"]
[EventType "tourn (corr)"]
[EventRounds "6"]
[EventCountry "GER"]
[SourceTitle "Corr 2022"]
[Source "ChessBase"]
[SourceDate "2021.10.24"]
[SourceVersion "1"]
[SourceVersionDate "2021.10.24"]
[SourceQuality "1"]

1. e4 c5 2. Nf3 Nc6 3. Bb5 d6 4. 0-0 Bd7 5. Re1 Nf6 6. c3 a6 7. Bf1 Bg4 8. h3 Bxf3 9. Qxf3 e6 10. d3 Be7 11. Nd2 0-0 12. Qe2 d5 13. g3 Re8 14. Bg2 Rc8 15. Kh2 d4 16. e5 dxc3 17. bxc3 Nd5 18. Bb2 b5 19. Rac1 Qc7 20. c4 Nb6 21. Nb3 Na4 22. Ba1 Red8 23. h4 Qa7 24. Be4 Nd4 25. Qg4 Qd7 26. Kg2 Rc7 27. h5 h6 28. f4 Bf8 29. Kh3 Kh8 30. cxb5 axb5 31. Bxd4 cxd4 32. f5 Nc3 33. fxe6 Qxe6 34. Qxe6 fxe6 35. Bg6 Kg8 36. Rc2 Bc5 37. Rf2 Bb6 38. Ref1 Re7 39. Rf7 Rde8 40. R1f4 Ne2 41. Rf2 Nc3 42. g4 Nd5 43. g5 hxg5 44. Nd2 Nf4+ 45. R7xf4 gxf4 46. Bxe8 Rxe8 47. Nf3 Rc8 48. Rb2 Rc3 49. Rb3 Bc7 50. Kg4 Kf7 51. Kxf4 b4 52. Rxb4 Rxd3 53. Rb7 1-0

[Event "SB-2016-0-00475"]
[Site "LSS email"]
[Date "2016.11.26"]
[Round "?"]
[White "Gulbis, Harijs"]
[Black "Korinek, Jaroslav"]
[Result "0-1"]
[WhiteElo "1885"]
[BlackElo "1988"]
[PlyCount "50"]
[EventDate "2016.10.28"]
[EventType "tourn (corr)"]
[EventRounds "6"]
[EventCountry "GER"]
[SourceTitle "Corr 2022"]
[Source "ChessBase"]
[SourceDate "2021.10.24"]
[SourceVersion "1"]
[SourceVersionDate "2021.10.24"]
[SourceQuality "1"]

1. e4 e5 2. Nf3 Nc6 3. d4 exd4 4. Nxd4 Nf6 5. Nxc6 bxc6 6. Bd3 d5 7. Nc3 Bb4 8. exd5 cxd5 9. 0-0 0-0 10. a3 Be7 11. h3 c5 12. b3 Be6 13. Re1 Re8 14. Bb5 Bd7 15. Qd3 Bxb5 16. Qxb5 d4 17. Ne4 Nxe4 18. Rxe4 Bf6 19. Rxe8+ Qxe8 20. Qxe8+ Rxe8 21. Bd2 d3 22. Rc1 Bb2 23. Rb1 Re2 24. Rxb2 Rxd2 25. Kf1 Rd1# 0-1

[Event "SB-2016-0-00475"]
[Site "LSS email"]
[Date "2016.11.26"]
[Round "?"]
[White "Hlavacek, Ladislav"]
[Black "Korinek, Jaroslav"]
[Result "1/2-1/2"]
[WhiteElo "1909"]
[BlackElo "1988"]
[PlyCount "89"]
[EventDate "2016.10.28"]
[EventType "tourn (corr)"]
[EventRounds "6"]
[EventCountry "GER"]
[SourceTitle "Corr 2022"]
[Source "ChessBase"]
[SourceDate "2021.10.24"]
[SourceVersion "1"]
[SourceVersionDate "2021.10.24"]
[SourceQuality "1"]

1. Nf3 d5 2. d4 Nf6 3. c4 e6 4. Nc3 Be7 5. Bg5 0-0 6. e3 h6 7. Bxf6 Bxf6 8. Rc1 b6 9. cxd5 exd5 10. Bd3 Nc6 11. 0-0 Ne7 12. e4 dxe4 13. Bxe4 Rb8 14. Qa4 a6 15. Rfe1 b5 16. Qc2 g6 17. h3 Rb6 18. a4 Bf5 19. axb5 axb5 20. Qd3 c6 21. Rcd1 Be6 22. Ne5 Bxe5 23. dxe5 Qxd3 24. Rxd3 b4 25. Ne2 Rb5 26. f4 Ra5 27. Kf2 c5 28. g4 Rc8 29. Ke3 c4 30. Rd6 c3 31. bxc3 bxc3 32. Rc1 Bd5 33. Bc2 g5 34. Bd3 Be6 35. f5 Rxe5+ 36. Kd4 Rd5+ 37. Rxd5 Bxd5 38. f6 Nc6+ 39. Kxd5 Nb4+ 40. Ke4 Re8+ 41. Kd4 Rd8+ 42. Kxc3 Na2+ 43. Kd2 Nxc1 44. Nxc1 Rd6 45. Ne2 1/2-1/2

[Event "SB-2016-0-00475"]
[Site "LSS email"]
[Date "2016.11.26"]
[Round "?"]
[White "Korinek, Jaroslav"]
[Black "Knoeppel, Bjoern"]
[Result "1/2-1/2"]
[WhiteElo "1988"]
[BlackElo "1949"]
[PlyCount "135"]
[EventDate "2016.10.28"]
[EventType "tourn (corr)"]
[EventRounds "6"]
[EventCountry "GER"]
[SourceTitle "Corr 2022"]
[Source "ChessBase"]
[SourceDate "2021.10.24"]
[SourceVersion "1"]
[SourceVersionDate "2021.10.24"]
[SourceQuality "1"]

1. d4 Nf6 2. c4 g6 3. Nc3 Bg7 4. e4 d6 5. Nf3 0-0 6. h3 e5 7. d5 a5 8. Bd3 Na6 9. a3 Nc5 10. Bc2 Bd7 11. Be3 a4 12. Bxc5 dxc5 13. 0-0 Qe8 14. Re1 Ra6 15. Nh4 Nh5 16. Nf5 gxf5 17. Qxh5 f4 18. Qe2 Kh8 19. Bd1 Rg8 20. Kh2 Rh6 21. Qd3 Bf6 22. Bf3 Bd8 23. Qf1 Qe7 24. Rac1 Qh4 25. Rcd1 Be7 26. Rd3 Qf6 27. Red1 Qa6 28. R3d2 Rhg6 29. Kh1 Qa8 30. Nb5 Bd6 31. Rd3 Rh6 32. Be2 Rh4 33. Bf3 Qc8 34. Kh2 b6 35. Rc3 Rg6 36. Na7 Qd8 37. Rcd3 Rgh6 38. Re1 Qf8 39. b3 axb3 40. Rxb3 Qa8 41. Nb5 Be7 42. Be2 Bd8 43. Reb1 f5 44. Bf3 fxe4 45. Bxe4 f3 46. Re1 fxg2 47. Bxg2 Qa4 48. Rf3 Bf6 49. Kg1 Bxb5 50. cxb5 Rg6 51. Rg3 Rf4 52. Rxg6 hxg6 53. d6 cxd6 54. Qd3 Kg7 55. Re4 Rxe4 56. Bxe4 Qd4 57. Qf3 Qc4 58. Qg4 Qf7 59. Qg2 Bd8 60. a4 Kh6 61. Kf1 Qc4+ 62. Ke1 Qc1+ 63. Ke2 Qc4+ 64. Ke1 Qc3+ 65. Kf1 Qa1+ 66. Ke2 Qa2+ 67. Kf1 Qe6 68. Ke1 1/2-1/2

[Event "SB-2016-0-00475"]
[Site "LSS email"]
[Date "2016.11.26"]
[Round "?"]
[White "Korinek, Jaroslav"]
[Black "Pott, Brian"]
[Result "1/2-1/2"]
[WhiteElo "1988"]
[BlackElo "1823"]
[PlyCount "63"]
[EventDate "2016.10.28"]
[EventType "tourn (corr)"]
[EventRounds "6"]
[EventCountry "GER"]
[SourceTitle "Corr 2022"]
[Source "ChessBase"]
[SourceDate "2021.10.24"]
[SourceVersion "1"]
[SourceVersionDate "2021.10.24"]
[SourceQuality "1"]

1. d4 d5 2. c4 Nc6 3. Nc3 dxc4 4. Nf3 Nf6 5. d5 Na5 6. Qa4+ c6 7. b4 b5 8. Qxa5 Qxa5 9. bxa5 b4 10. Nd1 cxd5 11. g3 Bf5 12. Be3 e6 13. Nd4 Bg6 14. Nb5 Kd7 15. Bg2 a6 16. Nd4 Rc8 17. Nf3 Bc5 18. Ne5+ Ke7 19. 0-0 Nd7 20. Nxd7 Kxd7 21. Bxc5 Rxc5 22. f4 Ke7 23. e4 Bxe4 24. Bxe4 dxe4 25. Ne3 Rb8 26. Rfc1 c3 27. Rab1 Rxa5 28. Rxc3 Rxa2 29. Rc7+ Kf8 30. Rd1 b3 31. Rdd7 b2 32. Rxf7+ 1/2-1/2

[Event "ZI-2016-0-02241"]
[Site "LSS email"]
[Date "2016.11.24"]
[Round "?"]
[White "Krol, Wladyslaw"]
[Black "Korinek, Jaroslav"]
[Result "1/2-1/2"]
[WhiteElo "1910"]
[BlackElo "1995"]
[PlyCount "33"]
[EventDate "2016.11.22"]
[EventType "match (corr)"]
[EventRounds "2"]
[EventCountry "GER"]
[SourceTitle "Corr 2022"]
[Source "ChessBase"]
[SourceDate "2021.10.24"]
[SourceVersion "1"]
[SourceVersionDate "2021.10.24"]
[SourceQuality "1"]

1. e4 c5 2. f4 Nc6 3. Nf3 e6 4. Bb5 d5 5. Bxc6+ bxc6 6. d3 Nf6 7. e5 Nd7 8. c4 a5 9. Nc3 a4 10. Qe2 Be7 11. Bd2 Bb7 12. h4 h6 13. Kf2 Nb6 14. Nd1 Ba6 15. Ne3 Qd7 16. Rhd1 Rb8 17. Kg3 1/2-1/2

[Event "ZI-2016-0-02237"]
[Site "LSS email"]
[Date "2016.11.23"]
[Round "?"]
[White "Csernus, Robert"]
[Black "Korinek, Jaroslav"]
[Result "1/2-1/2"]
[WhiteElo "1822"]
[BlackElo "1992"]
[PlyCount "47"]
[EventDate "2016.11.15"]
[EventType "match (corr)"]
[EventRounds "2"]
[EventCountry "GER"]
[SourceTitle "Corr 2022"]
[Source "ChessBase"]
[SourceDate "2021.10.24"]
[SourceVersion "1"]
[SourceVersionDate "2021.10.24"]
[SourceQuality "1"]

1. Nf3 d5 2. g3 Nf6 3. Bg2 c5 4. 0-0 Nc6 5. d4 cxd4 6. Nxd4 e6 7. c4 Bd7 8. Nc3 dxc4 9. Nxc6 Bxc6 10. Bxc6+ bxc6 11. Qa4 Qc7 12. Qxc4 Be7 13. Bf4 Qb7 14. Rfd1 Nd5 15. Be5 0-0 16. e4 Nb6 17. Qe2 Rad8 18. Rac1 Rd7 19. b3 Ba3 20. Rc2 Rfd8 21. Rxd7 Nxd7 22. Rd2 Bb4 23. Qg4 g6 24. Qh4 1/2-1/2

[Event "ZI-2016-0-02238"]
[Site "LSS email"]
[Date "2016.11.23"]
[Round "?"]
[White "Korinek, Jaroslav"]
[Black "Nowak, Ireneusz"]
[Result "1-0"]
[WhiteElo "2002"]
[BlackElo "2085"]
[PlyCount "107"]
[EventDate "2016.11.16"]
[EventType "match (corr)"]
[EventRounds "2"]
[EventCountry "GER"]
[SourceTitle "Corr 2022"]
[Source "ChessBase"]
[SourceDate "2021.10.24"]
[SourceVersion "1"]
[SourceVersionDate "2021.10.24"]
[SourceQuality "1"]

1. c4 e5 2. Nc3 Nf6 3. Nf3 Nc6 4. g3 Bb4 5. Bg2 0-0 6. 0-0 d6 7. d3 h6 8. Na4 a5 9. b3 Re8 10. Bb2 Qe7 11. e3 Bf5 12. a3 Bc5 13. h3 Ba7 14. Nh4 Bh7 15. Nc3 Nd8 16. g4 Qd7 17. b4 Ne6 18. Nf5 h5 19. Ne4 Nxe4 20. dxe4 g6 21. Ng3 hxg4 22. Qxg4 Nf8 23. Nh5 Qe6 24. c5 Nd7 25. Ng3 Qxg4 26. hxg4 axb4 27. axb4 dxc5 28. Rfd1 Nb6 29. Rdc1 Nd7 30. g5 cxb4 31. Rxc7 Nc5 32. Rxa7 Rxa7 33. Rxc5 Ra2 34. Bxe5 b3 35. Bf1 b2 36. Bd3 Ra1+ 37. Kg2 b1Q 38. Bxb1 Rxb1 39. Bd4 Kf8 40. e5 b6 41. Rc7 Rb5 42. Ne4 Rbxe5 43. Bxe5 Rxe5 44. Kf3 Kg7 45. Kf4 Ra5 46. Rb7 Bg8 47. f3 Rf5+ 48. Kg4 Re5 49. Rxb6 Re8 50. Rb7 Rf8 51. Nf6 Rd8 52. e4 Kf8 53. Rd7 Rc8 54. e5 1-0

[Event "LSS No Engine Cup 162 Preliminary 0"]
[Site "LSS email"]
[Date "2016.11.21"]
[Round "?"]
[White "Korinek, Jaroslav"]
[Black "Glowinski, Daniel"]
[Result "1-0"]
[WhiteElo "2217"]
[BlackElo "1934"]
[PlyCount "81"]
[EventDate "2016.11.22"]
[EventType "tourn (corr)"]
[EventRounds "6"]
[EventCountry "GER"]
[SourceTitle "Corr 2022"]
[Source "ChessBase"]
[SourceDate "2021.10.24"]
[SourceVersion "1"]
[SourceVersionDate "2021.10.24"]
[SourceQuality "1"]

1. e4 e5 2. Nf3 Nf6 3. Nxe5 d6 4. Nf3 Nxe4 5. d4 Be7 6. Bd3 Nf6 7. 0-0 0-0 8. Re1 Nc6 9. c3 Be6 10. h3 h6 11. Bf4 Qd7 12. Nbd2 Nd5 13. Bh2 Rae8 14. c4 Ndb4 15. Bb1 d5 16. a3 Na6 17. b4 dxc4 18. b5 Nxd4 19. bxa6 b5 20. Nxd4 Qxd4 21. Be5 Qb6 22. Nf3 Bc5 23. Ra2 f6 24. Bc3 Bf7 25. Rae2 Rd8 26. Qc2 Rd3 27. Qc1 Qxa6 28. Bxd3 cxd3 29. Re4 Bxa3 30. Qd2 Rd8 31. Rg4 h5 32. Rxg7+ Kxg7 33. Qg5+ Kh7 34. Bxf6 Rg8 35. Qf5+ Kh6 36. Ne5 Be6 37. Qf4+ Kh7 38. Qe4+ Kh6 39. g4 Qd6 40. g5+ Rxg5+ 41. Bxg5+ 1-0

[Event "LSS No Engine Cup 162 Preliminary 0"]
[Site "LSS email"]
[Date "2016.11.21"]
[Round "?"]
[White "Lonyuk, Bohdan"]
[Black "Korinek, Jaroslav"]
[Result "0-1"]
[WhiteElo "1455"]
[BlackElo "2217"]
[PlyCount "24"]
[EventDate "2016.11.22"]
[EventType "tourn (corr)"]
[EventRounds "6"]
[EventCountry "GER"]
[SourceTitle "Corr 2022"]
[Source "ChessBase"]
[SourceDate "2021.10.24"]
[SourceVersion "1"]
[SourceVersionDate "2021.10.24"]
[SourceQuality "1"]

1. e4 d6 2. d4 Nf6 3. Nc3 Nbd7 4. f4 e5 5. fxe5 dxe5 6. dxe5 Nxe5 7. Qxd8+ Kxd8 8. Nf3 Bd6 9. Bf4 Nxf3+ 10. gxf3 Bxf4 11. Bc4 Ke7 12. Kf2 Rd8 0-1

[Event "ZI-2016-0-02229"]
[Site "LSS email"]
[Date "2016.11.05"]
[Round "?"]
[White "Furguzz, Scarlett"]
[Black "Korinek, Jaroslav"]
[Result "1/2-1/2"]
[WhiteElo "1791"]
[BlackElo "1991"]
[PlyCount "103"]
[EventDate "2016.10.31"]
[EventType "match (corr)"]
[EventRounds "2"]
[EventCountry "GER"]
[SourceTitle "Corr 2022"]
[Source "ChessBase"]
[SourceDate "2021.10.24"]
[SourceVersion "1"]
[SourceVersionDate "2021.10.24"]
[SourceQuality "1"]

1. c4 Nf6 2. Nc3 e5 3. Nf3 Nc6 4. g3 Bb4 5. Bg2 0-0 6. 0-0 d6 7. d3 h6 8. h3 Bxc3 9. bxc3 Be6 10. e4 Rb8 11. Rb1 a6 12. a4 b6 13. Nh4 Nd7 14. Nf5 Na5 15. Ne3 Nc5 16. d4 Ncb7 17. Qe2 Qd7 18. d5 Bxh3 19. Qh5 Bxg2 20. Kxg2 f5 21. Nxf5 Rxf5 22. Qxf5 Qxf5 23. exf5 Kf7 24. Rh1 Re8 25. Rh4 Nc5 26. Be3 Nxa4 27. Rb4 Nxc3 28. Bd2 Ne2 29. Rb1 Nd4 30. Bxa5 bxa5 31. Rb7 Re7 32. Ra7 Nxf5 33. Rh1 e4 34. Rxa6 Kf6 35. Rxa5 e3 36. Re1 h5 37. Ra7 g6 38. fxe3 Rxe3 39. Rxe3 Nxe3+ 40. Kf3 Nxc4 41. Rxc7 Nd2+ 42. Kf4 g5+ 43. Ke3 Nf1+ 44. Kf2 Nh2 45. Ke2 h4 46. gxh4 gxh4 47. Rd7 Ke5 48. Rh7 Ng4 49. Rh5+ Kf4 50. Rxh4 Kg5 51. Rh8 Nf6 52. Rd8 1/2-1/2

[Event "ZI-2016-0-02228"]
[Site "LSS email"]
[Date "2016.11.05"]
[Round "?"]
[White "Linart, Ludvik"]
[Black "Korinek, Jaroslav"]
[Result "1/2-1/2"]
[WhiteElo "1694"]
[BlackElo "1970"]
[PlyCount "63"]
[EventDate "2016.10.17"]
[EventType "match (corr)"]
[EventRounds "2"]
[EventCountry "GER"]
[SourceTitle "Corr 2022"]
[Source "ChessBase"]
[SourceDate "2021.10.24"]
[SourceVersion "1"]
[SourceVersionDate "2021.10.24"]
[SourceQuality "1"]

1. d4 d5 2. Nf3 Nf6 3. c4 e6 4. Nc3 Be7 5. Bf4 0-0 6. e3 b6 7. Bd3 dxc4 8. Bxc4 Bb7 9. 0-0 a6 10. a3 Nbd7 11. d5 exd5 12. Nxd5 Nxd5 13. Bxd5 c6 14. Bc4 b5 15. Be2 c5 16. a4 Bc6 17. Qc2 Qb6 18. Rfd1 Rfd8 19. Bd3 g6 20. Be2 Qb7 21. Bg5 Bxg5 22. Nxg5 bxa4 23. h4 Qb4 24. h5 Qh4 25. Nf3 Qf6 26. h6 g5 27. Nh2 Qxh6 28. Ng4 Qe6 29. Qc3 h5 30. Rxd7 hxg4 31. Rxd8+ Rxd8 32. Qxc5 1/2-1/2

[Event "ZI-2016-0-02226"]
[Site "LSS email"]
[Date "2016.11.04"]
[Round "?"]
[White "Townsend, John"]
[Black "Korinek, Jaroslav"]
[Result "1/2-1/2"]
[WhiteElo "1803"]
[BlackElo "1969"]
[PlyCount "47"]
[EventDate "2016.10.15"]
[EventType "match (corr)"]
[EventRounds "2"]
[EventCountry "GER"]
[SourceTitle "Corr 2022"]
[Source "ChessBase"]
[SourceDate "2021.10.24"]
[SourceVersion "1"]
[SourceVersionDate "2021.10.24"]
[SourceQuality "1"]

1. e4 c5 2. Nf3 Nc6 3. d4 cxd4 4. Nxd4 Nf6 5. Nc3 e6 6. Ndb5 d6 7. Bf4 e5 8. Bg5 a6 9. Na3 Be7 10. Bxf6 Bxf6 11. Nc4 0-0 12. Qxd6 Be6 13. Nd5 Bxd5 14. exd5 Ne7 15. Bd3 b5 16. Qxd8 Raxd8 17. Ne3 Nxd5 18. Nxd5 Rxd5 19. Ke2 e4 20. Bxe4 Re8 21. Kf3 Rd6 22. Rae1 g6 23. Bd3 Rxe1 24. Rxe1 1/2-1/2

[Event "RB-2016-0-00327"]
[Site "LSS email"]
[Date "2016.11.03"]
[Round "?"]
[White "Korinek, Jaroslav"]
[Black "Schmidt, Johannes"]
[Result "1/2-1/2"]
[WhiteElo "1965"]
[BlackElo "1874"]
[PlyCount "35"]
[EventDate "2016.09.02"]
[EventType "tourn (corr)"]
[EventRounds "6"]
[EventCountry "GER"]
[SourceTitle "Corr 2022"]
[Source "ChessBase"]
[SourceDate "2021.10.24"]
[SourceVersion "1"]
[SourceVersionDate "2021.10.24"]
[SourceQuality "1"]

1. d4 d5 2. Nf3 Nf6 3. c4 e6 4. Nc3 Be7 5. Bf4 0-0 6. Rc1 c5 7. dxc5 Bxc5 8. e3 Nc6 9. Be2 dxc4 10. 0-0 Nd5 11. Bxc4 Nxf4 12. exf4 Qe7 13. Qc2 Nd4 14. Nxd4 Bxd4 15. Bd3 g6 16. Rfd1 Bg7 17. Be4 Rb8 18. Nb5 1/2-1/2

[Event "RB-2016-0-00326"]
[Site "LSS email"]
[Date "2016.10.23"]
[Round "?"]
[White "Korinek, Jaroslav"]
[Black "Obukhov, Gennady Nikolaevich"]
[Result "1/2-1/2"]
[WhiteElo "1977"]
[BlackElo "1872"]
[PlyCount "82"]
[EventDate "2016.08.23"]
[EventType "tourn (corr)"]
[EventRounds "6"]
[EventCountry "GER"]
[SourceTitle "Corr 2022"]
[Source "ChessBase"]
[SourceDate "2021.10.24"]
[SourceVersion "1"]
[SourceVersionDate "2021.10.24"]
[SourceQuality "1"]

1. d4 e6 2. e4 d5 3. exd5 exd5 4. Bd3 c5 5. Nf3 Nc6 6. 0-0 cxd4 7. Nbd2 Be7 8. Re1 Nf6 9. h3 0-0 10. Nb3 Re8 11. Nbxd4 Nxd4 12. Nxd4 Bd7 13. c3 Qb6 14. Qc2 Bc5 15. Be3 Rac8 16. Re2 a6 17. Rd1 g6 18. a3 Ne4 19. Qc1 Ba4 20. Rde1 f5 21. Bc2 Bxc2 22. Nxc2 Bxe3 23. Rxe3 Re5 24. R3e2 Rce8 25. Nd4 Qf6 26. Nf3 R5e7 27. h4 Qf7 28. g3 Qg7 29. Qf4 Qf6 30. Kg2 Kg7 31. Nd4 Nd6 32. Rxe7+ Rxe7 33. Rxe7+ Qxe7 34. Nf3 Ne4 35. Ne5 Qd6 36. f3 Kf6 37. Ng4+ Ke6 38. fxe4 Qxf4 39. exd5+ Kxd5 40. Nf6+ Ke6 41. gxf4 Kxf6 1/2-1/2

[Event "LSS No Engine Cup 160 Preliminary 0"]
[Site "LSS email"]
[Date "2016.10.06"]
[Round "?"]
[White "Koepcke, Klaus Peter"]
[Black "Korinek, Jaroslav"]
[Result "0-1"]
[WhiteElo "1600"]
[BlackElo "2220"]
[PlyCount "54"]
[EventDate "2016.10.07"]
[EventType "tourn (corr)"]
[EventRounds "6"]
[EventCountry "GER"]
[SourceTitle "Corr 2022"]
[Source "ChessBase"]
[SourceDate "2021.10.24"]
[SourceVersion "1"]
[SourceVersionDate "2021.10.24"]
[SourceQuality "1"]

1. d4 d5 2. c4 Nf6 3. Nc3 e6 4. e3 Be7 5. Nf3 0-0 6. Bd3 dxc4 7. Bxc4 a6 8. 0-0 b5 9. Bd3 Bb7 10. Ne5 Nbd7 11. f4 c5 12. Kh1 Rc8 13. f5 Bd6 14. fxe6 Nxe5 15. dxe5 Bxe5 16. exf7+ Rxf7 17. Bf5 Qxd1 18. Rxd1 Re8 19. Bd2 g6 20. Bc2 Ng4 21. Rf1 Rd7 22. Rad1 Nxh2 23. Rfe1 Bg3 24. Re2 Rf7 25. Rg1 Re5 26. Rd1 Rh5 27. Ne4 Nf3# 0-1

[Event "SB-2016-0-00464"]
[Site "LSS email"]
[Date "2016.09.08"]
[Round "?"]
[White "Gazen, Louis"]
[Black "Korinek, Jaroslav"]
[Result "0-1"]
[WhiteElo "1975"]
[BlackElo "1977"]
[PlyCount "86"]
[EventDate "2016.08.19"]
[EventType "tourn (corr)"]
[EventRounds "6"]
[EventCountry "GER"]
[SourceTitle "Corr 2022"]
[Source "ChessBase"]
[SourceDate "2021.10.24"]
[SourceVersion "1"]
[SourceVersionDate "2021.10.24"]
[SourceQuality "1"]

1. e4 e5 2. Nf3 Nc6 3. Bc4 Nf6 4. d3 Bc5 5. c3 a5 6. 0-0 d6 7. Bg5 0-0 8. h3 h6 9. Bh4 g5 10. Bg3 Nh5 11. Bh2 g4 12. hxg4 Bxg4 13. Nbd2 Kh8 14. Kh1 Qf6 15. Qb3 Bb6 16. a4 Nf4 17. Bg3 Rg8 18. d4 Rg7 19. Bd5 Rag8 20. Qd1 exd4 21. Bxf4 Qxf4 22. g3 Qf6 23. Bxc6 bxc6 24. Kg2 dxc3 25. bxc3 Rg6 26. Rh1 Qxc3 27. Qc1 Qf6 28. Ra3 d5 29. Rh2 Kh7 30. e5 Qf5 31. Rb3 Re6 32. Rc3 Rgg6 33. Qf1 Rg7 34. Kg1 f6 35. Qc1 fxe5 36. Nh4 Qf6 37. Qe1 e4 38. Rb3 c5 39. Ng2 c4 40. Rb1 c3 41. Nf1 d4 42. Rc1 Qe5 43. Kh1 Rc6 0-1